| 000 | 00549nam a2200157Ia 4500 | ||
|---|---|---|---|
| 008 | 210716s2010 xx 000 0 und d | ||
| 020 | _a9788131729816 | ||
| 041 | _aeng | ||
| 082 | _a005.30287 DUSE | ||
| 100 | _aDustin, Elfriede;Garrett, Thom;Gauf, Bernie. | ||
| 245 |
_aImplementing automated software testing: how to save time and lower costs while raising quality. _bHow to save time and lower costs while raising quality. |
||
| 250 | _a1 | ||
| 260 |
_aNew Delhi _bDorling Kindersley _c2010 |
||
| 300 | _axxv;340 | ||
| 650 | _aSoftware Testing | ||
| 999 |
_c191883 _d191883 |
||